Frammenti di sorrisi : selezione di pensieri in versi /

সংরক্ষণ করুন:
গ্রন্থ-পঞ্জীর বিবরন
প্রধান লেখক: Di Salvo, Riccardo (লেখক)
বিন্যাস: গ্রন্থ
ভাষা:ইতালিয়
প্রকাশিত: [s.l.] : Docvmenta, c1997
মালা:Docvmenta d'avtore
ট্যাগগুলো: ট্যাগ যুক্ত করুন
কোনো ট্যাগ নেই, প্রথমজন হিসাবে ট্যাগ করুন!

MARC

LEADER 00000nam a22000007i 4500
001 IT\ICCU\UBO\3155974
003 ItRI
005 20260115232340.0
008 070301s1997 it |||||| ||||| |||||c
040 |b ita  |c importazione bologna sebina 
041 7 |a ita  |2 ISO-639-2 
100 1 |a Di Salvo, Riccardo  |0 IT\ICCU\PALV\048569  |4 aut 
245 1 0 |a Frammenti di sorrisi :  |b selezione di pensieri in versi /  |c Riccardo Di Salvo. 
260 |a [s.l.] :  |b Docvmenta,  |c c1997 
300 |a 32 p. :  |b 1 ritr. ;  |c 24 cm. 
830 0 |a Docvmenta d'avtore  |0 IT\ICCU\UBO\3156008 
942 |2 ddc  |c BK  |n 0 
952 |0 0  |1 0  |4 0  |6 DOC_851_914000000000000_DIS  |7 0  |9 24600  |a BO  |b BO  |d 2026-01-15  |i 3945  |l 0  |o DOC 851.914 DIS  |p BO3945  |r 2026-01-15 23:23:40  |w 2026-01-15  |x [Sebina 5] [1 v.]  |y BK  |z 1 v. 
952 |0 0  |1 0  |4 0  |6 DOC_851_914000000000000_DIS  |7 0  |9 24601  |a BO  |b BO  |d 2026-01-15  |i 3946  |l 0  |o DOC 851.914 DIS  |p BO3946  |r 2026-01-15 23:23:40  |w 2026-01-15  |x [Sebina 5] [1 v.]  |y BK  |z 1 v. 
999 |c 20930  |d 20930